| 000 | 00966nam a22002537a 4500 | ||
|---|---|---|---|
| 005 | 20240617092931.0 | ||
| 008 | 240617b ||||| |||| 00| 0 eng d | ||
| 020 | _a9788449306365 | ||
| 040 |
_aCO-BoUCM _cDavid Moreno _dDavid Moreno |
||
| 041 | _aspa | ||
| 100 | 1 |
_aPavis, Patrice _d1947- _9181384 |
|
| 245 | 1 | 0 |
_aDiccionario del teatro _bDramaturgia, estética, semiología _cPatrice Pavis ; prologo de Anne Ubersfeld; traducción Jaume Melendres |
| 246 | _aDictionnaire du téàtre. | ||
| 250 | _aNueva edicion revisada y ampliada | ||
| 260 |
_aBarcelona, ES _bPaidós _c1998 |
||
| 300 | _a 558 Paginas | ||
| 504 | _aIncluye referencias bibliográficas e índices | ||
| 650 | 1 | 4 |
_aTeatro _vDiccionarios _9181385 |
| 650 | 1 | 4 |
_aDrama _vDiccionarios _9181386 |
| 700 | 1 |
_aUbersfeld, Anne _eprólogo _9181387 |
|
| 700 | 1 |
_aMelendres, Jaume _etraductor _9181388 |
|
| 942 |
_2DEWEY _a17 _cLIBRO _e1 _h792.03 _mP338d _n0 |
||
| 999 |
_c324369 _d324369 |
||